La empresa creadora (Record no. 71452)

MARC details
000 -LEADER
campo de control de longitud fija 00687nam a2200193 i 4500
001 - NÚMERO DE CONTROL
campo de control 71452
003 - IDENTIFICADOR DE NÚMERO DE CONTROL
campo de control ES-MaACL
005 - FECHA Y HORA DE LA ÚLTIMA TRANSACCIÓN
campo de control 20230906171132.0
007 - CAMPO FIJO DE DESCRIPCIÓN FÍSICA--INFORMACIÓN GENERAL
campo de control de longitud fija t|
008 - DATOS DE LONGITUD FIJA--INFORMACIÓN GENERAL
campo de control de longitud fija 040811s1973 sp ||||1| spa d
100 1# - ENTRADA PRINCIPAL--NOMBRE DE PERSONA
Nombre de persona Gelinier, Octave.
9 (RLIN) 56254
245 13 - MENCIÓN DEL TÍTULO
Título La empresa creadora
Resto del título : ensayo sobre la economía desarrollada y la sociedad pluralista /
Mención de responsabilidad, etc. Octave Gelinier ; prólogo de Jean Ullmo ; [traducción de Julián Abad Caja].
260 ## - PUBLICACIÓN, DISTRIBUCIÓN, ETC.
Lugar de publicación, distribución, etc. [Madrid] :
Nombre del editor, distribuidor, etc. Asociación para el Progreso de la Dirección,
Fecha de publicación, distribución, etc. [1973]
300 ## - DESCRIPCIÓN FÍSICA
Extensión 473 p. ;
Dimensiones 23 cm.
700 1# - ENTRADA AGREGADA--NOMBRE PERSONAL
Nombre de persona Ullmo, Jean.
9 (RLIN) 111939
700 1# - ENTRADA AGREGADA--NOMBRE PERSONAL
Nombre de persona Abad, Julián,
9 (RLIN) 226339
852 ## - LOCALIZACIÓN
Ubicación ES-MaACL
Número de control de estantería C-53298
Sublocalización o colección R.86382
Holdings
Estatus retirado Estado de pérdida Estado de daño No para préstamo Biblioteca de origen Biblioteca actual Ubicación en estantería Fecha de adquisición Fuente de adquisición Total de préstamos Signatura topográfica completa Código de barras Visto por última vez Precio de reemplazo Tipo de ítem Koha
        Biblioteca del Ateneo de Madrid Biblioteca del Ateneo de Madrid Depósito 2 17/01/2008     C-53298 1074808 23/02/2023 23/02/2023 Libro impreso